[Event "GER S4G1 enginefrei email"]
[Site "GER email"]
[Date "2018.03.17"]
[Round "?"]
[White "Sagenschneider, Uwe"]
[Black "Denker, Hans Peter"]
[Result "1-0"]
[WhiteElo "1336"]
[BlackElo "1316"]
[PlyCount "46"]
[EventDate "2018.03.26"]
[EventType "tourn (corr)"]
[EventRounds "6"]
[EventCountry "GER"]
[SourceTitle "Corr 2020"]
[Source "ChessBase"]
[SourceDate "2019.09.30"]
[SourceVersion "1"]
[SourceVersionDate "2019.09.30"]
[SourceQuality "1"]

1. d4 f5 2. h3 g6 3. Nf3 Bg7 4. c4 d6 5. Nc3 Nf6 6. g3 0-0 7. Bg2 Qe8 8. 0-0 e5 9. dxe5 dxe5 10. Nd5 Nxd5 11. Qxd5+ Qf7 12. Nxe5 Bxe5 13. Qxe5 Nc6 14. Qf4 Be6 15. b3 Rad8 16. Bb2 Rfe8 17. Bxc6 bxc6 18. Qe5 Kf8 19. Rad1 Rxd1 20. Rxd1 Bc8 21. Qh8+ Qg8 22. Qf6+ Qf7 23. Qxc6 Rxe2 1-0

[Event "GER OS-341 email"]
[Site "GER email"]
[Date "2018.02.10"]
[Round "?"]
[White "Limley, Gerhard"]
[Black "Sagenschneider, Uwe"]
[Result "1-0"]
[WhiteElo "1923"]
[BlackElo "1354"]
[PlyCount "45"]
[EventDate "2018.02.19"]
[EventType "tourn (corr)"]
[EventRounds "6"]
[EventCountry "GER"]
[SourceTitle "Corr 2020"]
[Source "ChessBase"]
[SourceDate "2019.09.30"]
[SourceVersion "1"]
[SourceVersionDate "2019.09.30"]
[SourceQuality "1"]

1. d4 Nf6 2. c4 d6 3. Nf3 g6 4. Nc3 Bg4 5. e4 Bg7 6. Be2 c6 7. 0-0 0-0 8. Be3 Na6 9. h3 Bxf3 10. Bxf3 e5 11. d5 c5 12. Bg5 h6 13. Be3 Nc7 14. Be2 a6 15. a3 Rb8 16. b4 cxb4 17. axb4 Nd7 18. Qd2 Kh7 19. c5 f5 20. f3 f4 21. Bf2 b5 22. cxd6 Ne8 23. Rxa6 1-0

[Event "GER OS-341 email"]
[Site "GER email"]
[Date "2018.02.10"]
[Round "?"]
[White "Sagenschneider, Uwe"]
[Black "Schoenebeck, Edmund"]
[Result "0-1"]
[WhiteElo "1354"]
[BlackElo "1503"]
[PlyCount "58"]
[EventDate "2018.02.19"]
[EventType "tourn (corr)"]
[EventRounds "6"]
[EventCountry "GER"]
[SourceTitle "Corr 2020"]
[Source "ChessBase"]
[SourceDate "2019.09.30"]
[SourceVersion "1"]
[SourceVersionDate "2019.09.30"]
[SourceQuality "1"]

1. d4 d5 2. Nf3 Nf6 3. Bf4 Nc6 4. e3 Nh5 5. Bg5 h6 6. Bh4 g5 7. Bg3 Bg7 8. c3 0-0 9. Bd3 Nxg3 10. hxg3 g4 11. Nh4 f5 12. Qc2 e6 13. Nd2 Qg5 14. 0-0-0 a6 15. Nf1 Bf6 16. f4 Qg7 17. Nd2 Bd7 18. Rh2 h5 19. Rdh1 b6 20. Nxf5 exf5 21. Rxh5 Ne7 22. c4 c6 23. Nb3 Qf7 24. c5 b5 25. Na5 Qe6 26. Qd2 Be8 27. Rh6 Ra7 28. b4 Ng6 29. R1h5 Bg7 0-1

[Event "GER Liga Q Server-37 email"]
[Site "GER email"]
[Date "2017.04.20"]
[Round "?"]
[White "Denker, Hans Peter"]
[Black "Sagenschneider, Uwe"]
[Result "0-1"]
[WhiteElo "1316"]
[BlackElo "1481"]
[PlyCount "57"]
[EventDate "2017.04.25"]
[EventType "tourn (corr)"]
[EventRounds "6"]
[EventCountry "GER"]
[SourceTitle "Corr 2020"]
[Source "ChessBase"]
[SourceDate "2019.09.30"]
[SourceVersion "1"]
[SourceVersionDate "2019.09.30"]
[SourceQuality "1"]

1. Nc3 g6 2. e4 Bg7 3. Bc4 d6 4. Nf3 e6 5. 0-0 Ne7 6. d3 0-0 7. Be3 d5 8. Bb3 d4 9. Nb5 dxe3 10. c3 exf2+ 11. Rxf2 a6 12. Nbd4 c5 13. Ne2 Nbc6 14. Ng3 b5 15. a3 Bb7 16. Ng5 Ne5 17. Bc2 h6 18. Nf3 Nxf3+ 19. Rxf3 Qc7 20. Qe2 Rad8 21. Rd1 f5 22. Rf2 f4 23. Nf1 e5 24. Rf3 g5 25. h3 Ng6 26. g3 fxg3 27. Rxg3 Nf4 28. Qe3 Qe7 29. Qc1 0-1

[Event "GER OS-317 email"]
[Site "GER email"]
[Date "2017.03.31"]
[Round "?"]
[White "Sagenschneider, Uwe"]
[Black "Nitschke, Norbert"]
[Result "0-1"]
[WhiteElo "1481"]
[BlackElo "1801"]
[PlyCount "42"]
[EventDate "2017.04.06"]
[EventType "tourn (corr)"]
[EventRounds "6"]
[EventCountry "GER"]
[SourceTitle "Corr 2020"]
[Source "ChessBase"]
[SourceDate "2019.09.30"]
[SourceVersion "1"]
[SourceVersionDate "2019.09.30"]
[SourceQuality "1"]

1. d4 d5 2. Nf3 Bf5 3. c3 e6 4. Bf4 Nd7 5. e3 Ngf6 6. Nbd2 a6 7. Be2 c5 8. Ne5 Nxe5 9. Bxe5 Nd7 10. Bf4 Be7 11. 0-0 0-0 12. f3 Re8 13. e4 dxe4 14. fxe4 Bg6 15. Qb3 Nf6 16. e5 Nd5 17. Bg3 Ne3 18. Rf3 cxd4 19. cxd4 Nc2 20. Rc1 Qxd4+ 21. Bf2 Qxd2 0-1

[Event "GER OS-317 email"]
[Site "GER email"]
[Date "2017.03.31"]
[Round "?"]
[White "Wiechmann, Torsten"]
[Black "Sagenschneider, Uwe"]
[Result "1-0"]
[WhiteElo "1433"]
[BlackElo "1481"]
[PlyCount "37"]
[EventDate "2017.04.06"]
[EventType "tourn (corr)"]
[EventRounds "6"]
[EventCountry "GER"]
[SourceTitle "Corr 2020"]
[Source "ChessBase"]
[SourceDate "2019.09.30"]
[SourceVersion "1"]
[SourceVersionDate "2019.09.30"]
[SourceQuality "1"]

1. Nf3 g6 2. e4 Bg7 3. d3 d6 4. g3 Bg4 5. Bg2 Nc6 6. 0-0 Qd7 7. Nbd2 h5 8. c3 Nf6 9. Qb3 Rb8 10. Ng5 e5 11. h3 Be6 12. Nxe6 Qxe6 13. Qxe6+ fxe6 14. Nf3 Ne7 15. Be3 b6 16. h4 Kd7 17. Bh3 Rbe8 18. Ng5 Ng4 19. Nxe6 1-0

[Event "Mittelrhein Verbandsliga-O 16/17"]
[Site "Nordrheinwestfalen"]
[Date "2016.10.02"]
[Round "2"]
[White "Rahmen, Christian"]
[Black "Sagenschneider, Uwe"]
[Result "0-1"]
[WhiteElo "1773"]
[BlackElo "1874"]
[PlyCount "114"]
[EventDate "2016.09.11"]
[EventType "team-tourn"]
[EventRounds "11"]
[EventCountry "GER"]
[SourceTitle "EXT 2022"]
[Source "ChessBase"]
[SourceDate "2021.10.06"]
[SourceVersion "1"]
[SourceVersionDate "2021.10.06"]
[SourceQuality "1"]
[WhiteTeam "Porz SG IV"]
[BlackTeam "Niederkassel II"]
[WhiteTeamCountry "GER"]
[BlackTeamCountry "GER"]

1. d4 g6 2. c4 Bg7 3. g3 d6 4. Bg2 Nf6 5. Nf3 c6 6. Nc3 0-0 7. 0-0 Bg4 8. h3 Bxf3 9. Bxf3 Qc8 10. e4 e5 11. dxe5 dxe5 12. Qb3 Na6 13. Be3 b6 14. Bg2 Qe6 15. Rfd1 Nd7 16. Qa3 Nac5 17. b4 Nb7 18. Qa6 Rfb8 19. Rd2 Bf8 20. Rad1 Nf6 21. a3 Nd6 22. Bf1 c5 23. Nd5 Nfe8 24. Bg2 cxb4 25. axb4 Qc8 26. Qa1 Nxc4 27. Rc1 b5 28. Bh6 Qe6 29. Bxf8 Kxf8 30. Ra2 Rb7 31. Bf1 Ned6 32. Ra6 Qe8 33. Qc3 Nxe4 34. Qf3 Ncd2 35. Qd3 Rd8 36. f3 Nxf1 37. Qxf1 Nxg3 38. Qf2 Nf5 39. Qc5+ Kg7 40. Nf6 Qe7 41. Qc3 Rd6 42. Rxd6 Nxd6 43. Ng4 Nc4 44. Re1 h5 45. Nxe5 Nxe5 46. Rxe5 Qf6 47. f4 Re7 48. Kg2 Rxe5 49. fxe5 Qe6 50. Qc5 a6 51. Kg3 g5 52. Qe3 h4+ 53. Kg2 f6 54. Qa7+ Kg6 55. Qa8 fxe5 56. Qe4+ Kh6 57. Qf3 e4 0-1

[Event "Verbandsliga Mittelrhein-Ost 1213"]
[Site "Germany"]
[Date "2013.05.05"]
[Round "10.8"]
[White "Bernhardt, Thomas"]
[Black "Sagenschneider, Uwe"]
[Result "1/2-1/2"]
[WhiteElo "1672"]
[BlackElo "1903"]
[PlyCount "65"]
[EventDate "2012.09.09"]
[EventType "team"]
[EventRounds "11"]
[EventCountry "GER"]
[SourceTitle "EXT 2015"]
[Source "ChessBase"]
[SourceDate "2014.11.20"]
[SourceVersion "1"]
[SourceVersionDate "2014.11.20"]
[SourceQuality "1"]
[WhiteTeam "Euskirchen Turm"]
[BlackTeam "Niederkassel II"]
[WhiteTeamCountry "GER"]
[BlackTeamCountry "GER"]

1. e4 d6 2. d4 g6 3. f4 Bg7 4. Nf3 Bg4 5. c3 Nd7 6. Bc4 e6 7. 0-0 Ne7 8. Nbd2 0-0 9. h3 Bxf3 10. Nxf3 c6 11. Bd3 d5 12. e5 c5 13. h4 Nf5 14. Bxf5 gxf5 15. Ng5 h6 16. Nf3 cxd4 17. Nxd4 a6 18. Be3 Qxh4 19. Rf3 Qe7 20. Rg3 Nc5 21. Qh5 Ne4 22. Rh3 Rad8 23. g4 fxg4 24. Qxg4 f5 25. Qg6 Qf7 26. Rxh6 Qxg6+ 27. Rxg6 Kf7 28. Rg2 Rh8 29. Kf1 Rh1+ 30. Rg1 Rdh8 31. Rc1 Rxg1+ 32. Kxg1 Rh3 33. Re1 1/2-1/2